[Event "Klubbmesterskapet 2022 (A)"]
[Site "Ås, Viken NOR"]
[Date "2022.11.29"]
[Round "8"]
[White "Larsen, Jo Ingebrigt"]
[Black "Andersen, Odd"]
[Result "1/2-1/2"]
[WhiteElo "1601"]
[BlackElo "1680"]
[Annotator "Furnes, Torstein"]
[PlyCount "104"]
[EventDate "2022.??.??"]

1. e4 c6 2. Nf3 d5 3. Nc3 dxe4 4. Nxe4 Nf6 5. Ng3 e6 6. Bc4 Bd6 7. Qe2 Qc7 8.
Ne4 Nxe4 9. Qxe4 b5 10. Bb3 Bb7 11. c3 Nd7 12. d4 Nf6 13. Qe2 O-O 14. O-O Nd7
15. Bd2 c5 16. h3 a6 17. Rae1 Bf4 18. Bxf4 Qxf4 19. Qe3 Qxe3 20. Rxe3 Bxf3 21.
Rxf3 cxd4 22. cxd4 Nf6 23. Rc3 Ne4 24. Rc2 Rfd8 25. f3 Nf6 26. Rd1 Kf8 27. Kf2
Rac8 28. Rc5 Ke7 29. Ke3 Kd6 30. Rdc1 Rxc5 31. Rxc5 Nd7 32. Rc1 b4 33. Ba4 Nb8
34. Rc4 a5 35. Rc5 Nd7 36. Rxa5 Nf6 37. Ra6+ Ke7 38. Ra7+ Kf8 39. Bc6 Rb8 40.
Ra8 Rxa8 41. Bxa8 Ke7 42. Kd3 Nh5 43. Kc4 Nf4 44. g3 Nxh3 45. Kxb4 h5 46. a4
Kd6 47. a5 Kc7 48. a6 $14 {Etter dette trekket faller hvitfordelen fra +9 til
+0.6.} ({Førstevalget til Stockfish er} 48. Kc5 $18) 48... Kb6 49. Bb7 Nf4 $2
$18 {Tilsynelatende kan ikke denne springeren slås, da svarts h-bonde blir en
farlig fribonde. Men Stockfish påviser at hvit trygt kan slå springeren og stå
til vinst.} 50. Kc4 ({Hvit kan ta springeren} 50. gxf4 {Svart ønsker å hindre
hvit i å åpne løperdiagonalen med f5 fulgt av f4 og spiller dermed:} f5 51. Bc8
h4 52. d5 $1 exd5 (52... h3 53. dxe6 h2 54. e7 h1=Q 55. e8=Q {vinner for hvit 
(matt i 10 trekk).}) 53. Bxf5 {og løperen har kontroll på h-bonden.}) 50... Ne2
51. g4 $2 $19 {Nå går det fra remisstilliing til at svart står til vinst.} ({
Stockfish foreslår} 51. d5 exd5+ 52. Kxd5 Nxg3 53. b4 h4 54. Bc8 $11 {med lik
stilling.}) 51... h4 52. Kd3 Nf4+ ({Svart får ny dronning etter} 52... Nf4+ 53.
Ke3 h3 54. Kf2 h2 $19) 1/2-1/2

[Event "Klubbmesterskapet 2022 (A)"]
[Site "Ås, Viken NOR"]
[Date "2022.12.01"]
[Round "9"]
[White "Samset, Jon"]
[Black "Brenden, Torbjørn"]
[Result "0-1"]
[WhiteElo "1378"]
[BlackElo "1593"]
[Annotator "Brenden, Torbjørn"]
[PlyCount "92"]
[EventDate "2022.09.08"]

1. e4 c5 2. c3 d5 3. e5 e6 {Fransk forsvar} 4. d4 Nc6 5. Nf3 Bd7 6. Bd3 Qb6 7.
Bc2 h6 {Forbereder lang rokade og bondestorm på Dronningfløyen} 8. O-O O-O-O {
Svart spiller for vinst, men hvit har størst sjanser.} 9. a4 g5 10. b3 $2 {
[%eval 102,0] Dette blir for passivt. Best var dxc5.} g4 $1 11. Nh4 $2 ({Best
var ...} 11. a5 Qc7 12. Ne1 $11) 11... cxd4 12. cxd4 Qxd4 {Dronningbytte løser
svart sine problemer.} 13. Qxd4 Nxd4 {Svar står bonde over -1.5} 14. Bd1 Be7
15. Be3 Nc6 16. g3 Bxh4 {Forsøk på å bryte gjennom hvit sin bondestruktur.} 17.
gxh4 d4 ({Ikke ...} 17... Nxe5 18. Bxa7 $132) 18. Bf4 f5 19. exf6 Nxf6 20. Nd2
e5 21. Bg3 Nh5 {Svart vil fjerne den hvite svartløperen} 22. Rc1 Nxg3 23. fxg3
Rhf8 {Svart står best og bytter gjerne brikker.} 24. Rxf8 Rxf8 25. Nc4 Kb8 ({
Ikke} 25... h5 26. Nxe5) 26. Nd6 Be6 {Herfra dekker løperen flest felter} 27.
Rc5 Kc7 28. Nb5+ Kb6 29. Rc1 e4 $1 {Hvit kan ikke stanse bondestormen i sentrum
} 30. Nd6 e3 31. Be2 Rd8 ({...enda bedre var} 31... Rf2 32. Bf1 Rb2 33. Nc4+
Bxc4 34. Bxc4 Ne5 {[%csl Gc4,Gd3,Gg4][%cal Ge5c4,Ge5g4]}) 32. Nc4+ Bxc4 33.
bxc4 Ne5 $19 {[%csl Gd3,Gg4][%cal Ge5d3,Ge5g4] -7.5} 34. c5+ Kc7 35. Kf1 d3 36.
Bxd3 {Resten er teknikk} Nxd3 37. Rd1 Nxc5 38. Rxd8 Kxd8 39. a5 Nb3 40. a6 bxa6
41. Ke2 Ke7 42. Kxe3 Kf6 43. Kd3 Ke5 44. Kc3 Nd4 45. Kd3 Nf3 46. Ke3 Nxh2 {
Hvit gir opp} 0-1

[Event "Klubbmesterskapet 2022 (A)"]
[Site "Ås, Viken NOR"]
[Date "2022.12.01"]
[Round "9"]
[White "Andersen, Odd"]
[Black "Kielland-Lund, Jon"]
[Result "0-1"]
[WhiteElo "1680"]
[BlackElo "1715"]
[Annotator "Tactical Analysis 4.3 (5s)"]
[PlyCount "82"]
[EventDate "2022.09.08"]

{Settingen var at Odd måtte vinne for å kapre 2. plassen. Jon ville klare seg
med remis.} 1. d4 d5 2. c4 c6 3. e3 Nf6 {Her spilte jeg for raskt, Lf5 var
meningen, men tenkte at det ikke gjorde noen forskjell, men det gjør det.} 4.
Nc3 Bg4 5. Qb3 Qd7 {Db6 var å foretrekke i en dårlig stilling.} 6. cxd5 cxd5 7.
h3 Bf5 8. Nf3 {White is slightly better.} e6 9. Ne5 Qc8 10. Bb5+ {[%eval 34,24]
} (10. g4 $16 {[%eval 86,23]} Bg6 11. h4 (11. Nxg6 hxg6 12. Bg2 Nc6 $11)) 10...
Nfd7 {[%eval 178,25]} (10... Nc6 $14 {[%eval 34,24]}) 11. g4 $36 {White is on
the roll.} Bg6 12. h4 {[%eval 14,23]} (12. Nxg6 hxg6 13. Ne2 a6 $14) ({White
should play} 12. e4 $1 $16 {[%eval 95,23][%cal Re4d5]} Nc6 13. exd5 Ncxe5 14.
dxe5) 12... f6 {[%eval 160,23]} ({Don't play} 12... Nc6 13. Nxd7 (13. Nxg6 hxg6
14. Bd2 a6 $11) 13... Qxd7 14. h5 $16) (12... a6 $1 $11 {[%eval 14,23]} 13.
Nxg6 hxg6) 13. Nxg6 $16 hxg6 14. e4 {Be3 is the strong threat.} Nc6 {[%eval
229,23]} (14... a6 $142 {[%eval 163,23]}) 15. Be3 {[%eval 104,21]} (15. exd5
$18 {[%eval 229,23] has better winning chances.} exd5 16. Nxd5 (16. Qxd5 Nb6
$16)) 15... a6 {[%eval 164,25]} (15... Nb6 $16 {[%eval 104,21]}) 16. Bd3 $18
Na5 17. Qa4 Nc4 {[%eval 268,24]} (17... dxe4 {[%eval 196,22] was necessary.}
18. Bxe4 Nc4) 18. exd5 Nxb2 $2 {[%eval 443,25]} (18... b5 {[%eval 203,21]} 19.
Bxg6+ Kd8) 19. Bxg6+ Kd8 20. Qc2 {[%eval 242,23]} (20. Qb3 $142 {[%eval 444,25]
}) 20... Bb4 21. Bd2 Nc4 22. dxe6 Ndb6 {[%eval 135,23]} (22... Nf8 $18 {[%eval
186,23]}) 23. Be4 $2 {[%eval -98,24]} (23. Bf5 $16 {[%eval 135,23][%cal Oe6e7]
keeps the pressure on. And now e7+! would win.} Qc7 24. Qb3) 23... Qxe6 $17 24.
d5 $2 {[%eval -391,24]} (24. Rb1 $17 {[%eval -97,23]} Bxc3 25. Bxc3) 24... Qxg4
$19 25. Bf5 $2 {[%eval -778,23]} (25. f3 {[%eval -390,23]} Qg3+ 26. Kf1 Rxh4
27. Rxh4 Qxh4 28. Kg2) 25... Qd4 {[%eval -337,23]} (25... Re8+ $142 {[%eval
-778,23]} 26. Kf1 Nxd2+ 27. Qxd2 Qxf5) 26. Rh3 {[%eval -495,27]} (26. Rb1 {
[%eval -337,23] keeps fighting.} a5 27. Ne4) 26... Re8+ ({And not} 26... Qxd2+
27. Qxd2 Nxd2 28. Kxd2 $19) 27. Kd1 {[%eval -1746,26]} (27. Be6 $142 {[%eval
-509,26]} Nxd5 28. Rd1 Rxe6+ 29. Kf1) 27... Qxf2 28. Be6 Rxe6 29. dxe6 Qf1+ 30.
Be1 Qxh3 31. e7+ Bxe7 32. Qe4 Ke8 33. Kc2 Qh2+ 34. Ne2 Rc8 {( -> ...Nd6+)} 35.
Kb3 Qe5 {[%csl Gc4][%cal Re5b2]} 36. Qg6+ Kf8 {[%csl Gc4][%cal Re5b2]} 37. Nc3
Qe6 {[%eval -3006,23]} (37... Na5+ $142 {[%eval -32751,23]} 38. Kc2 Qe2+ 39.
Bd2 {[#]} Rxc3+ $1 40. Kxc3 Bb4+ $1 41. Kb2 Qxd2+ 42. Qc2 Nbc4+ 43. Kb1 Na3+
44. Kb2 Qxc2#) 38. Qh7 Ne3+ {Black mates.} 39. Kb2 Nbc4+ 40. Kc1 Ba3+ 41. Kb1
Qb6+ {Weighted Error Value: White=1.52/Black=1.07} 0-1

[Event "Klubbmesterskapet 2022 (A)"]
[Site "Ås, Viken NOR"]
[Date "2022.12.01"]
[Round "9"]
[White "Lea, Per"]
[Black "Larsen, Jo Ingebrigt"]
[Result "1/2-1/2"]
[WhiteElo "1698"]
[BlackElo "1601"]
[Annotator "Lea,Per"]
[PlyCount "36"]
[EventDate "2022.09.08"]

1. c4 c5 2. Nf3 Nc6 3. d4 cxd4 4. Nxd4 Nf6 5. g3 g6 6. Bg2 Qa5+ 7. Bd2 Qb6 8.
Bc3 Bg7 9. e3 O-O 10. O-O d6 11. b3 Rd8 12. Nd2 e5 13. Nxc6 bxc6 14. Qc2 a5 15.
Rab1 Be6 16. h3 Qc7 17. Ba1 Rac8 18. Rbc1 Qd7 {Stillingen har stort sett vært
helt lik gjennom hele partiet, men begge spillerne har brukt mye tid og valgte
å tenne fredspipene allerede her. Fredelig har det gått i de øvrige rundene
også: begge endte opp med 6 remiser i dette mesterskapet.} 1/2-1/2

[Event "Klubbmesterskapet 2022 (A)"]
[Site "Ås, Viken NOR"]
[Date "2022.12.01"]
[Round "9"]
[White "Furnes, Torstein"]
[Black "Thowsen, Alf Geir"]
[Result "1-0"]
[WhiteElo "1747"]
[BlackElo "1372"]
[PlyCount "55"]
[EventDate "2022.09.08"]

1. d4 Nf6 2. c4 e6 3. Nc3 Bb4 4. Qc2 c5 5. dxc5 Bxc5 6. Nf3 h6 7. Bf4 Nc6 8. e3
O-O 9. Be2 a6 10. O-O Re8 11. Rfd1 e5 12. Bg3 d6 13. a3 Qc7 14. b4 Ba7 15. Nd5
Qd8 16. Bh4 Re6 17. Nxf6+ Rxf6 18. Bxf6 Qxf6 19. Qd2 Bb8 20. Rac1 Be6 21. Bd3
Bc7 22. Be4 Rb8 23. b5 axb5 24. cxb5 Ba5 25. Qxd6 Rd8 26. Qc5 Bb3 27. Rxd8+
Nxd8 28. Qxe5 1-0

[Event "Klubbmesterskapet 2022 (A)"]
[Site "Ås, Viken NOR"]
[Date "2022.12.01"]
[Round "9"]
[White "Olsen, Trygve"]
[Black "Johansen, Anders Sten"]
[Result "0-1"]
[WhiteElo "1504"]
[BlackElo "1726"]
[PlyCount "104"]

1. f4 d5 2. d4 Nf6 3. Nf3 c5 4. e3 Nc6 5. Bb5 Qb6 6. Bxc6+ Qxc6 7. O-O Bg4 8.
Ne5 Bxd1 9. Nxc6 Bxc2 10. Na3 bxc6 11. Nxc2 e6 12. f5 Rb8 13. fxe6 fxe6 14. b3
cxd4 15. Nxd4 Kd7 16. Bb2 Bd6 17. Nf3 Rhf8 18. Rac1 Rbc8 19. Ne5+ Bxe5 20. Bxe5
c5 21. Rf4 Ne4 22. Bxg7 Rxf4 23. exf4 Kc6 24. h3 Kb5 25. a3 c4 26. bxc4+ Rxc4
27. Rb1+ Kc6 28. Re1 Kd7 29. Rb1 Nc5 30. Bf8 Nd3 31. Rb7+ Rc7 32. Rxc7+ Kxc7
33. Bh6 Kd6 34. Kf1 d4 35. Ke2 Nb2 36. g4 Kd5 37. Bg7 Ke4 38. Be5 d3+ 39. Kd2
Nc4+ 40. Kd1 Nxe5 41. fxe5 Kxe5 42. Kd2 Ke4 43. a4 a5 44. h4 e5 45. g5 Kf4 46.
Kxd3 e4+ 47. Ke2 Kg4 48. Ke3 Kxh4 49. Kxe4 Kxg5 50. Kf3 Kf5 51. Ke3 Ke5 52. Kd3
Kd5 0-1

[Event "Vårturnering 2022"]
[Site "Ås, Viken NOR"]
[Date "2022.04.21"]
[Round "1"]
[White "Aamodt, Peder Marcus"]
[Black "Heien, Aksel"]
[Result "1-0"]
[WhiteElo "2001"]
[BlackElo "1303"]
[PlyCount "29"]
[EventDate "2022.04.21"]

1. d4 d5 2. c4 c6 3. Nf3 Nf6 4. Nc3 a6 5. Bg5 dxc4 6. g3 Nd5 7. Bg2 h6 8. Bd2
Nxc3 9. Bxc3 Bf5 10. Ne5 f6 11. e4 fxe5 12. exf5 Qd6 13. Qh5+ Kd8 14. dxe5 Qc7
15. O-O-O+ 1-0

[Event "Vårturnering 2022"]
[Site "Ås, Viken NOR"]
[Date "2022.04.21"]
[Round "1"]
[White "Skaret, Runar"]
[Black "Moberg, Jan Rune"]
[Result "0-1"]
[WhiteElo "1265"]
[BlackElo "1609"]
[Annotator "Skaret, Runar"]
[PlyCount "58"]
[EventDate "2022.04.21"]

1. c4 b6 2. Nf3 Bb7 3. e3 f5 4. d4 e6 5. Be2 a5 6. Nc3 Nf6 {+0,5} 7. b3 {
stockfish anbefalte rokade. +0,0} Na6 8. Qc2 Be7 9. Bd2 O-O 10. O-O-O {rokade
feil vei. -8,0} d5 {bedre var ..La3 fulgt av ..Sb4. -1,7} 11. Ne5 {-7,8} Rc8 {
-0,5} 12. Qb2 {hindrer ..La3. -0,5} Bd6 13. Nb5 {f3 var litt bedre for å
hindre ..Se4} Ne4 14. Be1 Be7 {..Sxe5 ville forstyrret bøndene mine. +0,4} 15.
Na7 Ra8 16. Nac6 Qd6 17. Nxe7+ Qxe7 18. h4 {føler at jeg må skape noe
motspille for å unngå å bli overkjørt. stockfish synes det er en helt grei
plan. +0,0} Rfb8 {kanskje et hakk for langt. +0,6} 19. h5 c5 {+1,9} 20. f3 Nf6
21. Bh4 {g4 eller fortsette med h-bonden var bedre. +0,6} Rc8 {stockfish ville
heller rota mer til bondestillingen min med ..a4 eller ..cxd4 eller dxc4. +4,1}
22. h6 a4 {jeg har nå en vinnende stilling om jeg får med meg g-bonden eller
tårnene i dette motspillet mitt} 23. hxg7 {men dette hjelper meg ikke. +0,7}
axb3 {gir meg en siste sjanse til å spille g4. +1,5} 24. axb3 {+0,1, og nå har
jeg ikke lenger det motspillet jeg trenger} Nb4 25. Bxf6 {feks fxc5 eller
Db1var bedre. -4,2} Qxf6 26. Nd7 {og dette var et skikkelig ugjennomtenkt
trekk. -4,9} Qd8 27. Ne5 {her ville stockfish spilt Txh7 og deretter en haug
med trekk fra hver side der det er remis ved riktig spill, men for hver side
kun er ett trekk som holder mens alt annet taper.} Ra2 28. Qc3 Rxe2 29. Rd2
Na2+ 0-1

[Event "Vårturnering 2022"]
[Site "Ås, Viken NOR"]
[Date "2022.04.21"]
[Round "1"]
[White "Brenden, Torbjørn"]
[Black "Skillestad, Sverre"]
[Result "1-0"]
[WhiteElo "1587"]
[BlackElo "1258"]
[PlyCount "57"]
[EventDate "2022.04.21"]

1. Nf3 d5 2. g3 Nf6 3. Bg2 e6 4. c4 Be7 5. cxd5 exd5 6. Nc3 Be6 7. O-O O-O 8.
d4 c5 9. dxc5 Bxc5 10. Nd4 Nc6 11. Nxe6 fxe6 12. e3 a6 13. a3 Ne7 14. b4 Bb6
15. Bb2 Rb8 16. Qe2 Ng6 17. Rad1 a5 18. e4 Ne7 19. exd5 exd5 20. Nxd5 Nfxd5 21.
Bxd5+ Nxd5 22. Qe6+ Rf7 23. Rxd5 Qc7 24. Be5 Qc6 25. Rd6 Bxf2+ 26. Rxf2 Qc7 27.
Qxf7+ Qxf7 28. Rxf7 Kxf7 29. Rd7+ 1-0

[Event "Vårturnering 2022"]
[Site "Ås, Viken NOR"]
[Date "2022.04.21"]
[Round "1"]
[White "Petersen, Rune J"]
[Black "Simonsen, Steinar"]
[Result "1/2-1/2"]
[WhiteElo "1174"]
[BlackElo "1513"]
[PlyCount "54"]
[EventDate "2022.04.21"]

1. d4 d5 2. Nf3 Nf6 3. e3 Bg4 4. Be2 Nc6 5. Nc3 e6 6. Bd2 Be7 7. O-O O-O 8. a3
Ne4 9. h3 Bf5 10. Bd3 Nxd2 11. Qxd2 Bg6 12. b4 Bxd3 13. Qxd3 Bf6 14. Na4 a6 15.
Nc5 Qc8 16. b5 axb5 17. Qxb5 Rb8 18. Rab1 Na7 19. Qd7 b6 20. Qxc8 Rbxc8 21. Nd7
Rfd8 22. Nxf6+ gxf6 23. a4 Nc6 24. Rfc1 Na5 25. Nd2 e5 26. c3 e4 27. c4 f5
1/2-1/2

[Event "Vårturnering 2022"]
[Site "Ås, Viken NOR"]
[Date "2022.04.28"]
[Round "2"]
[White "Simonsen, Steinar"]
[Black "Samset, Jon"]
[Result "0-1"]
[WhiteElo "1513"]
[BlackElo "1370"]
[PlyCount "32"]

1. e4 e5 2. Nf3 Nc6 3. Bb5 a6 4. Bxc6 dxc6 5. O-O Bd6 6. Nc3 Nf6 7. d4 exd4 8.
Nxd4 O-O 9. Re1 Be5 10. Be3 Qd6 11. Nce2 Bxh2+ 12. Kf1 Nxe4 13. Qd3 Qg6 14. Bf4
Bf5 15. Nxf5 Qxf5 16. g3 Qh3# 0-1

[Event "Vårturnering 2022"]
[Site "Ås, Viken NOR"]
[Date "2022.04.28"]
[Round "2"]
[White "Lea, Per"]
[Black "Petersen, Rune J"]
[Result "1-0"]
[WhiteElo "1699"]
[BlackElo "1174"]
[PlyCount "95"]
[EventDate "2022.04.21"]

1. c4 e6 2. d4 d5 3. Nc3 h6 4. Nf3 Nf6 5. g3 Nc6 6. b3 Be7 7. Bg2 O-O 8. O-O
Bd7 9. Bb2 b6 10. Ne5 Na5 11. cxd5 exd5 12. Nxd5 Nxd5 13. Bxd5 Bh3 14. Bg2 Bxg2
15. Kxg2 Qd5+ 16. f3 f6 17. e4 Qb7 18. Ng6 Rf7 19. Nxe7+ Rxe7 20. Rc1 Rd8 21.
d5 Red7 22. b4 c6 23. bxa5 cxd5 24. Qb3 bxa5 25. Qxb7 Rxb7 26. Rc2 dxe4 27.
fxe4 Rbd7 28. e5 Rd2+ 29. Rxd2 Rxd2+ 30. Rf2 Rxf2+ 31. Kxf2 fxe5 32. Bxe5 h5
33. a4 g6 34. h4 Kf7 35. Bc3 Ke6 36. Bxa5 Kf5 37. Bd2 a6 38. a5 Ke6 39. Bf4 Kd5
40. Ke3 Kc6 41. Ke4 Kd7 42. Kd5 Ke7 43. Kc6 Kf6 44. Kb6 Kf5 45. Kxa6 Kg4 46.
Kb5 g5 47. Bxg5 Kxg3 48. a6 1-0

[Event "Vårturnering 2022"]
[Site "Ås, Viken NOR"]
[Date "2022.04.28"]
[Round "2"]
[White "Innset-Ekkje, Amandus"]
[Black "Furnes, Torstein"]
[Result "0-1"]
[WhiteElo "1110"]
[BlackElo "1758"]
[Annotator "Furnes, Torstein"]
[PlyCount "84"]
[EventDate "2022.??.??"]

1. d4 d5 2. Nf3 Nf6 3. Bf4 e6 4. e3 Bd6 5. Bg3 O-O 6. c4 dxc4 7. Bxc4 c5 8.
Bxd6 Qxd6 9. O-O b6 10. dxc5 Qxc5 11. Be2 Bb7 12. Nc3 Nbd7 13. Qc2 Nd5 14. Rac1
N7f6 15. Rfd1 Qa5 16. Nxd5 Bxd5 17. a3 Be4 18. Qb3 Rac8 19. Rxc8 Rxc8 20. Nd4
Qg5 21. g3 h5 $2 22. h4 (22. Nxe6 $1 {vinner bonde fordi springeren ikke kan
slås:} fxe6 $4 23. Qxe6+ Kh7 24. Qxc8 $18) 22... Qc5 23. Qb5 Qxb5 24. Nxb5 Rc2
25. Bd3 Bxd3 26. Rxd3 a6 27. Nd4 Rxb2 28. Rc3 Ne4 29. Rc2 Rxc2 30. Nxc2 Kf8 31.
Nb4 a5 32. Nc6 Ke8 33. Kf1 Nd2+ 34. Ke2 Nc4 35. a4 Kd7 36. Nd4 Nb2 37. Kd2 Nxa4
38. Kc2 Kd6 39. Kb3 Nc5+ 40. Ka3 Kd5 41. Nc2 Kc4 42. Nd4 b5 0-1

[Event "Vårturnering 2022"]
[Site "Ås, Viken NOR"]
[Date "2022.04.28"]
[Round "2"]
[White "Heien, Aksel"]
[Black "Thowsen, Alf Geir"]
[Result "1/2-1/2"]
[WhiteElo "1303"]
[BlackElo "1366"]
[PlyCount "80"]

1. e4 e6 2. Nc3 d5 3. d4 dxe4 4. Nxe4 Nf6 5. Bd3 Nc6 6. c3 Be7 7. Nf3 O-O 8.
O-O b6 9. Qe2 a5 10. Re1 Bb7 11. h3 Re8 12. Bb5 Nxe4 13. Qxe4 Qd5 14. Qxd5 exd5
15. Bf4 Rac8 16. a3 Bd6 17. Bxd6 cxd6 18. Re3 Re6 19. Rae1 Rce8 20. Rxe6 Rxe6
21. Rxe6 fxe6 22. Ng5 Na7 23. Bd7 Bc8 24. Bxc8 Nxc8 25. Nxe6 h6 26. Kf1 Kf7 27.
Nf4 Ne7 28. Ke2 g5 29. Nd3 Ke6 30. Kf3 Nf5 31. g4 Ne7 32. Kg3 Ng6 33. f4 Kf6
34. f5 Ne7 35. Nf2 a4 36. h4 Nc8 37. Nd3 b5 38. hxg5+ hxg5 39. Nf2 Nb6 40. Nd1
Nc4 1/2-1/2

[Event "Vårturnering 2022"]
[Site "Ås, Viken NOR"]
[Date "2022.05.05"]
[Round "3"]
[White "Samset, Jon"]
[Black "Aamodt, Peder Marcus"]
[Result "0-1"]
[WhiteElo "1370"]
[BlackElo "2055"]
[PlyCount "110"]
[EventDate "2022.04.21"]

1. e4 c5 2. b4 cxb4 3. a3 d5 4. axb4 dxe4 5. Bb5+ Bd7 6. Bxd7+ Qxd7 7. Ne2 Nf6
8. Ng3 e6 9. Ba3 a5 10. bxa5 Bxa3 11. Rxa3 Nc6 12. O-O O-O 13. Nc3 Qd6 14. Ra4
Nxa5 15. Ncxe4 Nxe4 16. Rxe4 Qd5 17. d3 Rfd8 18. Rh4 Nc6 19. Nh5 Ne5 20. Nf4
Qd6 21. Qh5 h6 22. Nh3 Ng6 23. Rg4 Qd5 24. Qxd5 Rxd5 25. f3 Rc8 26. Rf2 Rdc5
27. c4 Rd8 28. Rd2 Ne5 29. Re4 f5 30. Ree2 Rd4 31. f4 Ng4 32. Rxe6 Rcxc4 33.
Re1 Rc3 34. Rb2 Rd7 35. g3 Rcxd3 36. Reb1 Rd2 37. Rxd2 Rxd2 38. Rxb7 Rxh2 39.
Rb8+ Kh7 40. Rb5 Rxh3 41. Rxf5 Rxg3+ 42. Kh1 Rf3 43. Rf8 Nf6 44. Kg2 Rxf4 45.
Kh3 Kg6 46. Rd8 Kg5 47. Rd1 Rf3+ 48. Kg2 Ra3 49. Re1 Kg4 50. Re7 Ra2+ 51. Kf1
g5 52. Rf7 Nh5 53. Ke1 Nf4 54. Rf6 h5 55. Rc6 h4 0-1

[Event "Vårturnering 2022"]
[Site "Ås, Viken NOR"]
[Date "2022.05.05"]
[Round "3"]
[White "Moberg, Jan Rune"]
[Black "Lea, Per"]
[Result "1-0"]
[WhiteElo "1609"]
[BlackElo "1699"]
[Annotator "Lea,Per"]
[PlyCount "75"]
[EventDate "2022.04.21"]

1. c4 Nf6 2. g3 g6 3. Bg2 Bg7 4. Nc3 e5 5. d3 O-O 6. e4 d6 7. h3 Nc6 8. Nge2
Bd7 9. O-O Qc8 10. Kh2 Ne8 11. Rb1 f5 12. f4 fxe4 13. dxe4 Nf6 14. Be3 Be6 15.
b3 Qd7 16. a3 a6 17. Qc2 Rae8 $2 (17... exf4 18. Nxf4 Rae8 $11) 18. f5 Bf7 19.
g4 h6 20. Ng3 g5 21. Nd5 Bxd5 $16 (21... Nd4 22. Qd2 c5 $14) 22. exd5 Ne7 $2 (
22... Nd4) 23. Be4 Nxe4 $4 (23... c6) 24. Qxe4 (24. Nxe4 $1 {er enda mer
knusende}) 24... Bf6 25. Nh5 Kh7 26. Kg2 Rf7 27. Rh1 Rh8 28. Rbd1 Kg8 29. a4
Kf8 30. c5 Ke8 31. Rd2 Kd8 32. Rc1 Rhh7 33. Qc4 dxc5 34. Bxc5 c6 35. Bb6+ Kc8
36. Ba5 Kb8 37. dxc6 Qxd2+ $4 {I kraftig tidsnød} (37... Qxc6+ 38. Qxc6 Nxc6
39. Bb6 {er også klar vinst siden svart ikke har noen fornuftig plan}) 38. Bxd2
1-0

[Event "Vårturnering 2022"]
[Site "Ås, Viken NOR"]
[Date "2022.05.05"]
[Round "3"]
[White "Furnes, Torstein"]
[Black "Skaret, Runar"]
[Result "1-0"]
[WhiteElo "1749"]
[BlackElo "1265"]
[Annotator "Skaret, Runar"]
[PlyCount "89"]
[EventDate "2022.04.21"]

1. d4 {kommentert av runar + stockfish} d5 2. c4 e6 3. Nc3 Nf6 4. Bg5 Be7 5. e3
Nbd7 6. Nf3 h6 7. Bf4 a6 {rokade litt bedre. +0,7} 8. Rc1 {c5 bedre. +0,0} c6
9. Bd3 Nb6 {tillater c5. dxc5 hadde vært bedre. evt rokade eller Sh5. +2,1} 10.
c5 {stockfish vil nå spille Sd7} Nc4 {bukker bonden som jeg må ta igjen med
etter Lxc4. +3,9} 11. Bxc4 dxc4 12. Qa4 {Se5 var foretrukket, fulgt av noen
rokader og sånn før den jafser i seg c4-bonden. +2,3} b5 13. cxb6 Qxb6 14. Qxc4
Nd5 15. Nxd5 cxd5 16. Qc6+ {Dc7 var foretrukket som ved dronningbytte bringer
tårnet til 7-raden. stockfish finner nå ingen fordel i stillingen utover den
bonden hvit står over. +1,0} Qxc6 17. Rxc6 Bd7 18. Rc7 Bd8 19. Rc2 Bb5 20. Bd6
Kd7 21. Bc5 f6 22. Kd2 Ba5+ 23. b4 Bc7 24. Ra1 Ba4 25. Rc3 a5 26. a3 g5 27. h3
Rhc8 28. Rac1 axb4 29. Bxb4 Bb5 30. Rc5 {stockfish gir 0,0 om jeg spiller Lc4}
Bd6 {men jeg regna for fort her og bukker for andre gang i partiet. +6,0.} 31.
Rxb5 {også Txc8 hadde vært fordel hvit} (31. Rxc8 Rxc8 32. Rxc8 Bxb4+ 33. axb4
Kxc8) 31... Bxb4+ 32. Rxb4 Rxa3 33. Rb7+ Kd8 34. Rxc8+ Kxc8 35. Rf7 Ra2+ 36.
Ke1 Ra1+ 37. Ke2 Ra2+ 38. Nd2 h5 39. Rxf6 Kd7 40. Rg6 g4 41. hxg4 hxg4 42. Rxg4
Ra1 43. Rf4 Rg1 44. g4 Kd6 45. Nf3 1-0

[Event "Vårturnering 2022"]
[Site "Ås, Viken NOR"]
[Date "2022.05.05"]
[Round "3"]
[White "Petersen, Rune J"]
[Black "Heien, Aksel"]
[Result "0-1"]
[WhiteElo "1174"]
[BlackElo "1303"]
[PlyCount "78"]
[EventDate "2022.04.21"]

1. d4 d5 2. Nf3 Nf6 3. e3 Bf5 4. Nc3 e6 5. Be2 c5 6. b3 Nc6 7. O-O a6 8. Bd3
Bg4 9. Be2 Qc7 10. Ne1 Bxe2 11. Qxe2 cxd4 12. exd4 Nxd4 13. Qd3 Bb4 14. Bb2 Rc8
15. Nxd5 exd5 16. Bxd4 Bc3 17. Bxf6 Bxf6 18. Rd1 Rd8 19. Nf3 O-O 20. Rfe1 Rc8
21. Qf1 Qxc2 22. Rxd5 Qxa2 23. Rd3 Rc3 24. Rxc3 Bxc3 25. Rb1 Re8 26. b4 Qe2 27.
Qxe2 Rxe2 28. Rd1 g6 29. Kf1 Rb2 30. Rd8+ Kg7 31. Rd1 Rxb4 32. Rc1 Bf6 33. g3
a5 34. h4 h5 35. Ng5 Bxg5 36. hxg5 a4 37. Ke1 h4 38. gxh4 Rxh4 39. Rb1 Rh1+ 0-1